Fundamentals of Periodontics / (Record no. 35307)

MARC details
000 -LEADER
fixed length control field 00545nam a22001817a 4500
005 - DATE AND TIME OF LATEST TRANSACTION
control field 20240311133910.0
008 - FIXED-LENGTH DATA ELEMENTS--GENERAL INFORMATION
fixed length control field 240311b |||||||| |||| 00| 0 eng d
020 ## - INTERNATIONAL STANDARD BOOK NUMBER
ISBN 9788192297767
082 ## - DEWEY DECIMAL CLASSIFICATION NUMBER
Classification number 617.632
Item number FUN
245 ## - TITLE STATEMENT
Title Fundamentals of Periodontics /
Statement of responsibility, etc. Thomas G. Wilson [Editor]
250 ## - EDITION STATEMENT
Edition statement 2nd ed.
260 ## - PUBLICATION, DISTRIBUTION, ETC.
Place of Publication India :
Name of publisher, distributor, etc. Quintessence Publishing Co, Inc.
300 ## - PHYSICAL DESCRIPTION
Pages xiv , 659 p. :
500 ## - GENERAL NOTE
General note Include Index. Hard Binding.
650 ## - SUBJECT ADDED ENTRY--TOPICAL TERM
Subject / Department Medical / Dentistry
700 ## - ADDED ENTRY--PERSONAL NAME
Personal name Kenneth S.Kornman [Editor]
300 ## - PHYSICAL DESCRIPTION
-- ill ;
-- 28.5 cm .
952 ## - LOCATION AND ITEM INFORMATION (KOHA)
-- 0
-- 0
Holdings
Lost status Damaged status Collection code Permanent Location Current Location Shelving Location Date acquired Full Call Number Accession No./Barcode Date last seen item type Koha item type
    Medical Superior Information Resource Center (SIRC) Superior University- Central Library Superior Information Resource Center (SIRC) Superior University- Central Library Dentistry 03/11/2024 617.632 FUN 2004 13462 09/26/2025 BOOK BOOK

Powered by Koha